[Event "Titled Tue 26th Aug Early"]
[Site "chess.com INT"]
[Date "2025.08.26"]
[Round "2"]
[White "Przybylski, Bartosz"]
[Black "Pontes, Luiz Felizola Lima"]
[Result "1-0"]
[WhiteTitle "CM"]
[WhiteElo "2041"]
[BlackElo "1871"]
[WhiteFideId "21878323"]
[BlackFideId "44709919"]
[EventDate "2025.08.26"]

1. Nf3 d5 2. b3 Nf6 3. Bb2 e6 4. e3 Bd6 5. c4 Nbd7 6. Nc3 c6 7. Qc2 O-O 8. g4 h6
9. h4 Nxg4 10. Rg1 f5 11. Bh3 Nde5 12. Nxe5 Nxf2 13. Kxf2 Qxh4+ 14. Kg2 Bxe5 15.
Ne2 Bxb2 16. Qxb2 Rf6 17. Kh2 Kf7 18. Rg2 g5 19. Rf1 g4 20. Rg3 gxh3 21. Rfg1
Bd7 22. Rg7+ Ke8 23. c5 Kd8 24. Qe5 Rc8 25. Rg8+ Ke7 26. Qd6+ Kf7 27. R1g7# 1-0

[Event "Titled Tue 26th Aug Early"]
[Site "chess.com INT"]
[Date "2025.08.26"]
[Round "2"]
[White "Arslanov, Shamil"]
[Black "Fronda, Jan Jodilyn"]
[Result "1-0"]
[WhiteTitle "IM"]
[BlackTitle "WIM"]
[WhiteElo "2410"]
[BlackElo "2115"]
[WhiteFideId "4192826"]
[BlackFideId "5204585"]
[EventDate "2025.08.26"]

1. d4 d5 2. e4 dxe4 3. Nc3 Nf6 4. f3 e5 5. dxe5 Qxd1+ 6. Kxd1 Nfd7 7. Nd5 Kd8 8.
Bg5+ f6 9. exf6 gxf6 10. Nxf6 Be7 11. Nxe4 Nc6 12. Bxe7+ Kxe7 13. Kd2 Nde5 14.
Re1 Bf5 15. f4 Rad8+ 16. Kc1 Ng4 17. h3 Nh6 18. g4 Bxe4 19. Rxe4+ Kd7 20. Bb5
Nf7 21. Nf3 a6 22. Rd1+ Kc8 23. Bxc6 bxc6 24. Re7 Nd6 25. Ne5 Kb7 26. Rxd6 Rxd6
27. Nf7 Rdd8 28. Nxd8+ Rxd8 29. Rxh7 Rd4 30. Rf7 c5 31. g5 Re4 32. g6 Re1+ 33.
Kd2 Rg1 34. f5 Kc6 35. g7 Kd6 36. f6 Ke6 37. Rf8 1-0

[Event "Titled Tue 26th Aug Early"]
[Site "chess.com INT"]
[Date "2025.08.26"]
[Round "2"]
[White "Mohmad Bashiq Imrose"]
[Black "Sobek, Jaroslav"]
[Result "1-0"]
[WhiteTitle "CM"]
[BlackTitle "FM"]
[WhiteElo "2120"]
[BlackElo "2195"]
[WhiteFideId "25654489"]
[BlackFideId "301388"]
[EventDate "2025.08.26"]

1. Nf3 c5 2. g3 b6 3. Bg2 Bb7 4. O-O g6 5. c4 Bg7 6. Nc3 Nh6 7. b3 O-O 8. Bb2
Nf5 9. e3 Nc6 10. a3 Rb8 11. Qc2 e6 12. Rad1 d6 13. Rfe1 a6 14. Ne4 e5 15. Nc3
Nfe7 16. e4 Qc7 17. Nd5 Nxd5 18. cxd5 Ne7 19. d4 exd4 20. Bxd4 Bxd4 21. Nxd4 b5
22. Nf3 f6 23. Bh3 Kg7 24. Qb2 Bc8 25. Bxc8 Rbxc8 26. Ng5 Qd7 27. Ne6+ Kg8 28.
Nxf8 Rxf8 29. f4 Nc8 30. b4 c4 31. Qd4 Qc7 32. Kg2 Rf7 33. h4 h5 34. e5 fxe5 35.
fxe5 1-0

[Event "Titled Tue 26th Aug Early"]
[Site "chess.com INT"]
[Date "2025.08.26"]
[Round "2"]
[White "Simonovic, Miroslav"]
[Black "Janaszak, Dawid"]
[Result "0-1"]
[WhiteTitle "CM"]
[BlackTitle "FM"]
[WhiteElo "2092"]
[BlackElo "2306"]
[WhiteFideId "919152"]
[BlackFideId "1119206"]
[EventDate "2025.08.26"]

1. d4 Nf6 2. Bg5 c5 3. Bxf6 gxf6 4. c3 Qb6 5. Qc2 cxd4 6. cxd4 Nc6 7. e3 e5 8.
d5 Nb4 9. Qb3 d6 10. Nc3 Bd7 11. Bb5 Bxb5 12. Qxb4 Bd3 13. Qxb6 axb6 14. Kd2 Bg6
15. a4 Kd7 16. Nge2 f5 17. Nb5 Be7 18. Rhc1 Rhc8 19. f3 Rc5 20. Nec3 Bg5 21. Ke2
h5 22. Rd1 h4 23. h3 e4 24. f4 Bh5+ 25. Kd2 Bxd1 26. Kxd1 Bf6 27. Kd2 Rg8 28.
Rg1 Rc4 29. b3 Rc5 30. b4 Rc4 31. Na2 Rgc8 32. Rc1 Rxc1 33. Nxc1 Rg8 34. Ne2
Rxg2 35. Nc3 Bxc3+ 36. Kxc3 Rxe2 0-1

[Event "Titled Tue 26th Aug Early"]
[Site "chess.com INT"]
[Date "2025.08.26"]
[Round "2"]
[White "Lortkipanidze, Nodar"]
[Black "Khadour, Ismael"]
[Result "1-0"]
[WhiteTitle "IM"]
[BlackTitle "FM"]
[WhiteElo "2359"]
[BlackElo "1992"]
[WhiteFideId "13604058"]
[BlackFideId "7601930"]
[EventDate "2025.08.26"]

1. e4 c5 2. c3 d5 3. exd5 Qxd5 4. d4 Nf6 5. Nf3 e6 6. Bd3 Nc6 7. O-O Be7 8. c4
Qd8 9. dxc5 Bxc5 10. a3 a5 11. Nc3 O-O 12. Qe2 h6 13. Be3 Bxe3 14. Qxe3 Bd7 15.
Rfd1 Qe7 16. Rac1 Rfd8 17. Nb5 Be8 18. h3 Rab8 19. Qb6 Nd7 20. Qe3 Qc5 21. Qe4
Nf6 22. Qf4 e5 23. Qh4 e4 24. Bxe4 g5 25. Qxh6 Nxe4 26. Re1 Nxf2 27. Nbd4 Nxd4
28. Nxg5 Qxg5 29. Qxg5+ Kf8 30. Kxf2 Ne6 31. Qh6+ Ke7 32. Qh4+ Kf8 33. Re5 Rd2+
34. Kg1 Rbd8 35. Rh5 Kg7 36. Rh7+ Kg6 37. Rh6+ 1-0

[Event "Titled Tue 26th Aug Early"]
[Site "chess.com INT"]
[Date "2025.08.26"]
[Round "2"]
[White "Carroll, Peter"]
[Black "Huschenbeth, Niclas"]
[Result "0-1"]
[WhiteTitle "FM"]
[BlackTitle "GM"]
[WhiteElo "2167"]
[BlackElo "2591"]
[WhiteFideId "2510243"]
[BlackFideId "24604747"]
[EventDate "2025.08.26"]

1. e4 c5 2. Nc3 a6 3. f4 b5 4. g3 Bb7 5. Bg2 b4 6. Nd5 e6 7. Ne3 Nf6 8. d3 d5 9.
exd5 Nxd5 10. Qe2 Be7 11. Nf3 O-O 12. O-O Nc6 13. Nc4 Bf6 14. Kh1 Nd4 15. Nxd4
Bxd4 16. Bd2 Qc7 17. f5 exf5 18. Rxf5 Nb6 19. Nxb6 Qxb6 20. c3 bxc3 21. bxc3 Qb2
22. Re1 Bxg2+ 23. Qxg2 Bxc3 24. Bxc3 Qxc3 25. Re7 Rae8 26. Rfxf7 Rxe7 27. Rxf8+
Kxf8 28. Qf3+ Qf6 29. Qa8+ Re8 0-1

[Event "Titled Tue 26th Aug Early"]
[Site "chess.com INT"]
[Date "2025.08.26"]
[Round "2"]
[White "Belov, Alexei"]
[Black "Srihari, L"]
[Result "0-1"]
[WhiteTitle "IM"]
[BlackTitle "IM"]
[WhiteElo "2421"]
[BlackElo "2368"]
[WhiteFideId "4128206"]
[BlackFideId "46642056"]
[EventDate "2025.08.26"]

1. e4 c6 2. d4 d5 3. Nd2 dxe4 4. Nxe4 Nf6 5. Nxf6+ exf6 6. c3 Bd6 7. Bd3 O-O 8.
Ne2 Re8 9. Qc2 h6 10. Be3 Nd7 11. O-O-O Nb6 12. c4 Bc7 13. Nc3 Be6 14. d5 cxd5
15. cxd5 Bg4 16. Rd2 Be5 17. Bb5 Bd7 18. Bxd7 Qxd7 19. Kb1 Nc4 20. Rd3 Rac8 21.
Bd4 Bd6 22. Qb3 a6 23. a4 b5 24. axb5 axb5 25. Nxb5 Qf5 26. Rd1 Qxd5 27. Bxf6
Qf5 28. Bc3 Be5 29. g4 Qg6 30. f4 Bxc3 31. Nxc3 Qxg4 32. Nd5 Qf5 0-1

[Event "Titled Tue 26th Aug Early"]
[Site "chess.com INT"]
[Date "2025.08.26"]
[Round "2"]
[White "Papasimakopoulos, Alexandros"]
[Black "Buchenau, Frank"]
[Result "1-0"]
[WhiteTitle "IM"]
[BlackTitle "FM"]
[WhiteElo "2361"]
[BlackElo "2205"]
[WhiteFideId "4244125"]
[BlackFideId "4604350"]
[EventDate "2025.08.26"]

1. d4 e6 2. c4 Nf6 3. Nc3 Bb4 4. Qb3 c5 5. dxc5 Nc6 6. Nf3 Bxc5 7. Bg5 h6 8. Bh4
O-O 9. e3 b6 10. Be2 Bb7 11. O-O Be7 12. Rfd1 a6 13. Na4 b5 14. cxb5 axb5 15.
Bxb5 d5 16. Rac1 Ne4 17. Bxe7 Nxe7 18. Bd3 Qa5 19. Qxb7 Ra7 20. Qb5 Qxa4 21.
Qxa4 Rxa4 22. a3 Rb8 23. Rc2 Ra7 24. Nd2 Nd6 25. Kf1 Rab7 26. b3 Ra7 27. a4 Kf8
28. Rdc1 f6 29. Rc7 Rbb7 30. Rxb7 Rxb7 31. Ke2 Kf7 32. a5 e5 33. a6 Ra7 34. Ra1
Nc6 35. Ra4 Ke7 36. f3 f5 37. Kd1 e4 38. fxe4 fxe4 39. Be2 Nf5 40. Nf1 Kd6 41.
b4 Ne5 42. b5 Kc5 43. Ra1 Nd6 44. Rc1+ Nec4 45. Bxc4 Nxc4 46. Rb1 Na3 47. b6
Rxa6 48. b7 Nxb1 49. b8=Q Nc3+ 50. Kc2 1-0

[Event "Titled Tue 26th Aug Early"]
[Site "chess.com INT"]
[Date "2025.08.26"]
[Round "2"]
[White "Oleksiyenko, Mykhaylo"]
[Black "Carlsen, Magnus"]
[Result "0-1"]
[WhiteTitle "GM"]
[BlackTitle "GM"]
[WhiteElo "2569"]
[BlackElo "2839"]
[WhiteFideId "4152417"]
[BlackFideId "1503014"]
[EventDate "2025.08.26"]

1. e4 b6 2. d4 Bb7 3. Bd3 d6 4. Nf3 Nd7 5. O-O e5 6. c3 Ngf6 7. Re1 g6 8. Nbd2
Bg7 9. Nf1 O-O 10. Ng3 Re8 11. h3 a6 12. dxe5 dxe5 13. Be3 Qe7 14. b4 c5 15. a3
Rac8 16. Qe2 c4 17. Bxc4 b5 18. Bd3 Rxc3 19. Rec1 Rec8 20. Qd2 Rxc1+ 21. Rxc1
Rxc1+ 22. Qxc1 Qd6 23. Qc2 h6 24. Nd2 Nf8 25. Nb3 Ne6 26. Nc5 Bc8 27. Ne2 Bf8
28. Nxe6 Bxe6 29. Bc5 Qd8 30. Bxf8 Kxf8 31. Qc5+ Kg7 32. Nc1 Nd7 33. Qd6 Qg5 34.
Ne2 Qd2 35. Ng3 Nf6 36. Nf1 Qd1 37. Qxe5 Qxd3 38. Ne3 Qxe4 0-1

[Event "Titled Tue 26th Aug Early"]
[Site "chess.com INT"]
[Date "2025.08.26"]
[Round "2"]
[White "Banzea, Alexandru-Bogdan"]
[Black "Krsnik Cohar, Ivan Vihor"]
[Result "0-1"]
[WhiteTitle "IM"]
[BlackTitle "FM"]
[WhiteElo "2394"]
[BlackElo "2362"]
[WhiteFideId "1232622"]
[BlackFideId "14520044"]
[EventDate "2025.08.26"]

1. d4 d5 2. Nc3 Bf5 3. f3 Nf6 4. Bf4 h5 5. e3 c6 6. Bd3 Bxd3 7. Qxd3 Nbd7 8.
Nge2 h4 9. e4 dxe4 10. fxe4 Qa5 11. O-O e5 12. dxe5 Nxe5 13. Bxe5 Qxe5 14. Rf5
Bc5+ 15. Kh1 Qe7 16. Raf1 Rh5 17. e5 Rxf5 18. Qxf5 Nd7 19. Ne4 O-O-O 20. h3 Re8
21. Rd1 g6 22. Qxd7+ Qxd7 23. Rxd7 Kxd7 24. Nxc5+ Kc7 25. Nd3 f6 26. Nef4 g5 27.
Nh5 fxe5 28. Ng7 Re7 29. Nf5 Rf7 30. Nh6 Rf1+ 31. Kh2 e4 32. Ne5 e3 0-1

[Event "Titled Tue 26th Aug Early"]
[Site "chess.com INT"]
[Date "2025.08.26"]
[Round "2"]
[White "Ivanov, Alexander"]
[Black "Koridze, Lile"]
[Result "0-1"]
[WhiteTitle "GM"]
[BlackTitle "WFM"]
[WhiteElo "2376"]
[BlackElo "2110"]
[WhiteFideId "2000202"]
[BlackFideId "13612514"]
[EventDate "2025.08.26"]

1. e4 c5 2. Nf3 d6 3. d4 cxd4 4. Nxd4 Nf6 5. Nc3 a6 6. g3 e5 7. Nb3 Be7 8. Bg2
O-O 9. O-O Be6 10. h3 Nbd7 11. Be3 b5 12. a4 b4 13. Nd5 Bxd5 14. exd5 Qc7 15.
Bd2 a5 16. c3 bxc3 17. Bxc3 Nc5 18. Ra3 Rfb8 19. Nxc5 Qxc5 20. Qd2 e4 21. Rd1
Qc4 22. Bf1 Qc5 23. Bb5 Nh5 24. Bd4 Qxd5 25. Rc3 Rc8 26. Rdc1 Rxc3 27. Qxc3 Rf8
28. Bc6 Qg5 29. Be3 Qg6 30. Bd4 Bh4 31. Re1 Nxg3 32. fxg3 Bxg3 33. Kf1 Bxe1 34.
Kxe1 Qf5 35. Bxg7 Rc8 36. Bh8 Qg6 37. Bd4 d5 38. Qxa5 Qxc6 39. Ke2 Qc2+ 40. Qd2
Qxd2+ 41. Kxd2 Rc4 42. Be5 Rxa4 43. b3 Rb4 44. Kc3 Rb7 45. b4 f6 46. Bd6 Kf7 47.
Kd4 Ke6 48. Bc5 f5 0-1

[Event "Titled Tue 26th Aug Early"]
[Site "chess.com INT"]
[Date "2025.08.26"]
[Round "2"]
[White "Dyachuk, Artem"]
[Black "Shafer, Logan C"]
[Result "1-0"]
[WhiteTitle "FM"]
[BlackTitle "CM"]
[WhiteElo "2298"]
[BlackElo "2234"]
[WhiteFideId "34107924"]
[BlackFideId "30993342"]
[EventDate "2025.08.26"]

1. e4 e6 2. d4 d5 3. Nd2 Nc6 4. c3 e5 5. exd5 Qxd5 6. Ngf3 exd4 7. Bc4 Qd8 8.
O-O Be7 9. Qb3 Na5 10. Bxf7+ Kf8 11. Qd5 Qxd5 12. Bxd5 dxc3 13. bxc3 Nf6 14. Bb3
Nxb3 15. axb3 a6 16. Ba3 Bxa3 17. Rxa3 Be6 18. Re1 Re8 19. c4 Bd7 20. Ne5 Bc6
21. Raa1 Be4 22. Nd7+ Nxd7 23. Nxe4 Nf6 24. Nc5 Kf7 25. Nxb7 Nd7 26. Red1 Nb8
27. Nc5 Re2 28. h4 Rhe8 29. Nxa6 Nxa6 30. Rxa6 Rb2 31. Rc6 Re7 32. Rd3 g6 33.
Rf3+ Kg7 34. Kh2 Kg8 35. Rc5 Kg7 36. h5 Kg8 37. h6 Rd2 38. Ra5 Rd8 39. g4 Re6
40. g5 Rf8 41. Rxf8+ Kxf8 42. Ra8+ Kf7 43. Rh8 Re5 44. Rxh7+ Kg8 45. Rg7+ Kh8
46. Rxg6 c5 47. Kg3 Re1 48. Rc6 Kh7 49. Kf4 Rf1 50. f3 Rf2 51. Rc7+ Kh8 52. g6 1-0

[Event "Titled Tue 26th Aug Early"]
[Site "chess.com INT"]
[Date "2025.08.26"]
[Round "2"]
[White "Setumadhav, Yellumahanthi"]
[Black "Zepeda Berlanga, Jan Enrique"]
[Result "1-0"]
[WhiteTitle "FM"]
[BlackTitle "CM"]
[WhiteElo "2226"]
[BlackElo "2003"]
[WhiteFideId "25920669"]
[BlackFideId "5132355"]
[EventDate "2025.08.26"]

1. d4 Nf6 2. Nf3 g6 3. c4 Bg7 4. Nc3 d5 5. h4 O-O 6. cxd5 Nxd5 7. h5 c5 8. e4
Nxc3 9. bxc3 cxd4 10. cxd4 Bg4 11. hxg6 hxg6 12. Bh6 Bxf3 13. gxf3 Qxd4 14. Qxd4
Bxd4 15. Bxf8 Bxa1 16. Bxe7 Nc6 17. Bc5 Bc3+ 18. Ke2 Rd8 19. Be3 Nb4 20. f4 a5
21. a4 Nd3 22. Kf3 Nb2 23. Bb5 Kg7 24. Rc1 Bb4 25. Rc7 Rb8 26. Bd4+ 1-0

[Event "Titled Tue 26th Aug Early"]
[Site "chess.com INT"]
[Date "2025.08.26"]
[Round "2"]
[White "Liu, Casper"]
[Black "Ter-Sahakyan, Samvel"]
[Result "0-1"]
[WhiteTitle "FM"]
[BlackTitle "GM"]
[WhiteElo "2361"]
[BlackElo "2611"]
[WhiteFideId "1454153"]
[BlackFideId "13302531"]
[EventDate "2025.08.26"]

1. d4 Nf6 2. Bf4 d5 3. e3 c5 4. Nf3 Nc6 5. Bb5 Bg4 6. c3 e6 7. Qa4 Bxf3 8. Bxc6+
bxc6 9. Qxc6+ Nd7 10. gxf3 cxd4 11. cxd4 Rc8 12. Qb7 e5 13. dxe5 Rc1+ 14. Ke2
Rxh1 15. Nc3 Rxa1 16. Nxd5 Bd6 17. exd6 O-O 18. Qxa7 Kh8 19. Qd4 Qc8 20. Bh6 f6
21. Bxg7+ Kxg7 22. Ne7 Qc2+ 0-1

[Event "Titled Tue 26th Aug Early"]
[Site "chess.com INT"]
[Date "2025.08.26"]
[Round "2"]
[White "Pandey, Srishti"]
[Black "Dandeniya, D D L N"]
[Result "1-0"]
[WhiteTitle "WIM"]
[BlackTitle "CM"]
[WhiteElo "2202"]
[BlackElo "1985"]
[WhiteFideId "35093290"]
[BlackFideId "29928818"]
[EventDate "2025.08.26"]

1. e4 e6 2. d4 d5 3. Nc3 Bb4 4. e5 Ne7 5. Qg4 c5 6. a3 Qa5 7. Ne2 cxd4 8. Rb1
Bxc3+ 9. bxc3 dxc3 10. Qxg7 Rg8 11. Qxh7 Nbc6 12. Bf4 Qxa3 13. h4 Qa2 14. Nxc3
Qa5 15. Bd2 Nxe5 16. h5 a6 17. h6 Qc7 18. f4 N5g6 19. Bd3 Rh8 20. Qg7 Bd7 21. h7
O-O-O 22. Qxf7 Rdf8 23. Qg7 Nxf4 24. Qxe7 Nxg2+ 25. Kd1 Qf4 26. Bxf4 1-0

[Event "Titled Tue 26th Aug Early"]
[Site "chess.com INT"]
[Date "2025.08.26"]
[Round "2"]
[White "Ienasoaie, Rafael"]
[Black "Munoz, Francisco Javier"]
[Result "0-1"]
[WhiteTitle "CM"]
[BlackTitle "FM"]
[WhiteElo "2168"]
[BlackElo "2389"]
[WhiteFideId "1266659"]
[BlackFideId "128368"]
[EventDate "2025.08.26"]

1. d4 d5 2. Nc3 e6 3. Bf4 Nf6 4. e3 a6 5. g4 c5 6. g5 Nfd7 7. Qf3 Nc6 8. O-O-O
b5 9. Qg3 Ra7 10. e4 Nxd4 11. exd5 e5 12. h4 Be7 13. Bxe5 Nxe5 14. Qxe5 O-O 15.
Nge2 Bd6 16. Qe3 Re7 17. Qd2 b4 18. Na4 Nf3 19. Qd3 Ne5 20. Qd2 Qa5 21. b3 Nc4
22. Qd3 Ne5 23. Qd2 Nc4 24. Qd3 Na3 25. Ng3 Bf4+ 26. Kb2 c4 27. Qf3 c3+ 28. Ka1
Nxc2+ 29. Kb1 Na3+ 30. Ka1 Be5 0-1

[Event "Titled Tue 26th Aug Early"]
[Site "chess.com INT"]
[Date "2025.08.26"]
[Round "2"]
[White "Kleibel, Uwe"]
[Black "Yeung, Jason"]
[Result "1/2-1/2"]
[WhiteTitle "FM"]
[BlackTitle "FM"]
[WhiteElo "2301"]
[BlackElo "2158"]
[WhiteFideId "1270982"]
[BlackFideId "8203970"]
[EventDate "2025.08.26"]

1. e3 g6 2. Nf3 Bg7 3. c4 f5 4. d4 Nf6 5. Be2 O-O 6. O-O d6 7. Nc3 Nc6 8. d5 Ne5
9. Nxe5 dxe5 10. b4 e6 11. dxe6 Bxe6 12. Bb2 Qe7 13. c5 Rad8 14. Qc2 e4 15. Rfd1
Rxd1+ 16. Rxd1 Rd8 17. a3 Rxd1+ 18. Qxd1 Qd7 19. Kf1 Nd5 20. Qc2 c6 21. Ke1 Qc7
22. g3 Qd7 23. h4 Be5 24. Nxd5 Qxd5 25. Bxe5 Qxe5 26. Bc4 Bxc4 27. Qxc4+ Kg7 28.
Qc1 Kh6 29. Kf1 Qd5 30. Kg2 Kh5 31. Qc3 h6 32. Qg7 Qd1 33. Qxb7 Qf3+ 34. Kg1 Kg4
35. Qa6 g5 36. hxg5 hxg5 37. Qxc6 Qd1+ 38. Kg2 Qf3+ 39. Kg1 Qd1+ 40. Kg2 Qf3+
41. Kg1 1/2-1/2

[Event "Titled Tue 26th Aug Early"]
[Site "chess.com INT"]
[Date "2025.08.26"]
[Round "2"]
[White "Smirnov, Mark"]
[Black "Dreelinck, Jacob"]
[Result "1-0"]
[WhiteTitle "FM"]
[BlackTitle "FM"]
[WhiteElo "2359"]
[BlackElo "2278"]
[WhiteFideId "13764594"]
[BlackFideId "250511"]
[EventDate "2025.08.26"]

1. b4 e5 2. Bb2 Qe7 3. a3 a5 4. b5 d5 5. e3 c5 6. bxc6 bxc6 7. c4 Ba6 8. Qa4 Nf6
9. Nf3 e4 10. Ne5 Qb7 11. Bd4 Bd6 12. cxd5 Nxd5 13. Nc3 Bxf1 14. Rxf1 O-O 15.
Nxe4 Bxe5 16. Bxe5 Nd7 17. Bd4 c5 18. Nxc5 Nxc5 19. Bxc5 Rfc8 20. Bd4 Qc7 21.
Ke2 Qxh2 22. Qd7 Rd8 23. Qg4 f6 24. Rh1 Qd6 25. Rab1 Nf4+ 26. Kf3 Qd5+ 27. Kxf4
g5+ 28. Kg3 Re8 29. f4 1-0

[Event "Titled Tue 26th Aug Early"]
[Site "chess.com INT"]
[Date "2025.08.26"]
[Round "2"]
[White "Manukian, Artak"]
[Black "Morris, James"]
[Result "0-1"]
[BlackTitle "IM"]
[WhiteElo "2104"]
[BlackElo "2416"]
[WhiteFideId "13301373"]
[BlackFideId "3205800"]
[EventDate "2025.08.26"]

1. e4 Nc6 2. d4 d5 3. e5 Bf5 4. c3 e6 5. Nd2 f6 6. Ndf3 fxe5 7. dxe5 Bc5 8. Bb5
Ne7 9. Ne2 O-O 10. O-O Bg4 11. Bf4 Bxf3 12. gxf3 Ng6 13. Bxc6 Nxf4 14. Nxf4 Rxf4
15. Bxb7 Rb8 16. Bc6 Rh4 17. f4 Rxf4 18. b4 Bb6 19. Qh5 Rh4 20. Qf3 Qg5+ 21. Qg3
Rg4 22. Kg2 Rf8 0-1

[Event "Titled Tue 26th Aug Early"]
[Site "chess.com INT"]
[Date "2025.08.26"]
[Round "2"]
[White "Kvaloy, Aksel Bu"]
[Black "Nepomniachtchi, Ian"]
[Result "0-1"]
[WhiteTitle "IM"]
[BlackTitle "GM"]
[WhiteElo "2490"]
[BlackElo "2742"]
[WhiteFideId "1528815"]
[BlackFideId "4168119"]
[EventDate "2025.08.26"]

1. d4 Nf6 2. Nf3 g6 3. Bg5 Bg7 4. Nbd2 O-O 5. c3 d6 6. e4 c5 7. dxc5 dxc5 8. Be2
Nc6 9. Qc2 Qc7 10. O-O h6 11. Bh4 Nh5 12. Rad1 Be6 13. a4 Rad8 14. Nc4 Nf4 15.
Bg3 Nxe2+ 16. Qxe2 Qc8 17. Nfd2 b6 18. f4 Qa6 19. b3 Bxc3 20. f5 Rxd2 21. Rxd2
Bxc4 22. bxc4 Nd4 23. Rxd4 Bxd4+ 24. Bf2 Bxf2+ 25. Qxf2 Qxc4 26. fxg6 Qd4 27.
Qxd4 cxd4 28. gxf7+ Rxf7 29. Rc1 Rf4 30. Rc7 Rxe4 31. Rxa7 Kf7 32. Kf2 Kf6 33.
Rb7 d3 34. Rxb6+ Ke5 35. a5 Kd4 36. Rb1 Re2+ 0-1

[Event "Titled Tue 26th Aug Early"]
[Site "chess.com INT"]
[Date "2025.08.26"]
[Round "2"]
[White "Bodemar, Jonathan"]
[Black "Terry, Renato"]
[Result "0-1"]
[WhiteTitle "CM"]
[BlackTitle "IM"]
[WhiteElo "2154"]
[BlackElo "2508"]
[WhiteFideId "6205488"]
[BlackFideId "3803457"]
[EventDate "2025.08.26"]

1. e4 e6 2. d4 d5 3. Nc3 Nf6 4. e5 Nfd7 5. f4 c5 6. Nf3 Nc6 7. Be3 Be7 8. Qd2
O-O 9. Bd3 f6 10. exf6 Bxf6 11. Bb5 cxd4 12. Nxd4 Bxd4 13. Bxd4 a6 14. Be2 e5
15. Bxe5 Ndxe5 16. fxe5 Be6 17. O-O-O d4 18. Ne4 Qd5 19. Nc3 Qa5 20. Nb1 Qxa2
21. Bf3 Rac8 22. Bxc6 Rxc6 23. Qxd4 Rfc8 24. c3 b5 25. Rhf1 h6 26. Qb4 Rc5 27.
Rd6 Rxe5 28. Qa3 Qc4 29. Rfd1 Kh7 30. Qxa6 Qf4+ 31. Nd2 Bg4 32. g3 Qe3 33. Rf1
Rf8 34. Rxf8 Qe1+ 35. Kc2 Bd1+ 36. Kd3 Qe3# 0-1

[Event "Titled Tue 26th Aug Early"]
[Site "chess.com INT"]
[Date "2025.08.26"]
[Round "2"]
[White "Rustamov, Rustam"]
[Black "Gibala, Adam"]
[Result "1-0"]
[WhiteTitle "FM"]
[BlackTitle "FM"]
[WhiteElo "2310"]
[BlackElo "2300"]
[WhiteFideId "13440110"]
[BlackFideId "21070288"]
[EventDate "2025.08.26"]

1. e4 c6 2. c4 e5 3. Nf3 d6 4. d4 Bg4 5. dxe5 Bxf3 6. Qxf3 dxe5 7. Nc3 Bb4 8.
Bd3 Nf6 9. O-O O-O 10. Rd1 Qe7 11. Bg5 Bxc3 12. bxc3 Nbd7 13. h4 h6 14. Be3 Nc5
15. Bc2 Nfd7 16. h5 Nb6 17. Bb3 Rad8 18. Qg4 Kh8 19. Qf5 Nbd7 20. Rab1 b6 21.
Rd2 Ne6 22. Rbd1 f6 23. Ba4 Nb8 24. Rxd8 Rxd8 25. Rxd8+ Nxd8 26. Qc8 Nd7 27.
Bxc6 Nc5 28. Bd5 Qd7 29. Qa8 Qc7 30. Bxc5 bxc5 31. Kh2 Kh7 32. a4 g6 33. a5 gxh5
34. a6 f5 35. Bb7 fxe4 36. Qxa7 Kg7 37. Qa8 e3 38. fxe3 e4+ 39. g3 Qf7 40. Bxe4
Ne6 41. Qb7 Nc7 42. a7 1-0

[Event "Titled Tue 26th Aug Early"]
[Site "chess.com INT"]
[Date "2025.08.26"]
[Round "2"]
[White "Tran Le Vy"]
[Black "Lai, Duc Minh"]
[Result "0-1"]
[WhiteTitle "WFM"]
[WhiteElo "1973"]
[BlackElo "2121"]
[WhiteFideId "12423599"]
[BlackFideId "12420387"]
[EventDate "2025.08.26"]

1. e4 c5 2. Nf3 Nc6 3. c3 Nf6 4. e5 Nd5 5. d4 cxd4 6. cxd4 d6 7. Bc4 Nb6 8. Bd3
Bg4 9. Be4 dxe5 10. Bxc6+ bxc6 11. dxe5 Qxd1+ 12. Kxd1 Nc4 13. Re1 e6 14. b3
O-O-O+ 15. Kc2 Bf5+ 16. Kc3 Nb6 17. Nbd2 Nd5+ 18. Kb2 Bb4 19. Ne4 Bxe4 20. Rxe4
Bc3+ 21. Kb1 Bxa1 22. Kxa1 Kb7 23. Rc4 Nb6 24. Rc3 Rd1 25. Nd2 Nd5 26. Rc4 f5
27. exf6 Nxf6 28. Nf3 Rhd8 29. Kb2 a5 30. Ne5 Rc8 31. Kc2 Rd5 32. Nd3 Nd7 33.
Nf4 Re5 34. Bb2 Rf5 35. g4 Rf7 36. f3 e5 37. Nd3 Rxf3 38. Bxe5 Rxd3 0-1

[Event "Titled Tue 26th Aug Early"]
[Site "chess.com INT"]
[Date "2025.08.26"]
[Round "2"]
[White "Dinesh, Rajan M"]
[Black "Rakhmatullaev, Almas"]
[Result "1-0"]
[WhiteTitle "CM"]
[BlackTitle "IM"]
[WhiteElo "2206"]
[BlackElo "2390"]
[WhiteFideId "35060600"]
[BlackFideId "14205793"]
[EventDate "2025.08.26"]

1. e4 g6 2. d4 Bg7 3. Nc3 d6 4. Be3 c6 5. h3 Qc7 6. a4 Nd7 7. Bc4 e6 8. a5 d5 9.
Bb3 Ne7 10. Nf3 h6 11. O-O g5 12. Re1 Nf6 13. e5 Nh7 14. Na4 b6 15. c4 dxc4 16.
Bc2 Bb7 17. Qe2 Nd5 18. Nd2 Ba6 19. Ne4 Bf8 20. Rec1 Be7 21. b3 Nf8 22. bxc4 Ng6
23. g3 Nxe3 24. fxe3 Nxe5 25. dxe5 Qxe5 26. axb6 f5 27. Nac5 Bxc5 28. Nxc5 Bxc4
29. Qxc4 Qxg3+ 30. Kf1 Qxh3+ 31. Ke2 Qg2+ 32. Kd3 Rd8+ 33. Kc3 Qd2+ 34. Kb2 O-O
35. Qxe6+ Rf7 36. Rxa7 Qb4+ 1-0

[Event "Titled Tue 26th Aug Early"]
[Site "chess.com INT"]
[Date "2025.08.26"]
[Round "2"]
[White "Ozcan, Kaan"]
[Black "Illingworth, Max"]
[Result "0-1"]
[WhiteTitle "FM"]
[BlackTitle "GM"]
[WhiteElo "2223"]
[BlackElo "2493"]
[WhiteFideId "34566422"]
[BlackFideId "3205207"]
[EventDate "2025.08.26"]

1. d4 d5 2. Nf3 Nf6 3. c4 c6 4. Nc3 a6 5. cxd5 cxd5 6. Bf4 Nc6 7. e3 Bg4 8. Qb3
Na5 9. Qc2 Bxf3 10. gxf3 e6 11. Bd3 Be7 12. a3 Rc8 13. O-O O-O 14. Kh1 g6 15.
Rg1 Kh8 16. Be5 Nc6 17. Bg3 Nh5 18. Qe2 b5 19. f4 Bf6 20. Qf1 Na5 21. Be2 Ng7
22. a4 Nb3 23. Rd1 b4 24. Na2 Rc2 25. Nxb4 Rxb2 26. Bxa6 Qa5 27. Nc6 Qxa4 28.
Bb5 Qa2 29. Nb4 Qa5 30. Nc6 Qb6 31. Ne5 Nd2 32. Qe1 Bxe5 33. Rxd2 Bxd4 34. Rxb2
Bxb2 35. Qe2 Bf6 36. Rb1 Qa7 37. Bc6 Qc5 38. Bb5 Nf5 39. Bd3 Nd6 40. Kg2 Kg7 41.
Qd2 h5 42. f3 Ra8 43. Bf2 Qc6 0-1